000 00924nas a2200325 4500
001 BR9602243
003 BR-BrBNA
005 20231205095737.0
007 ta
008 230509b bl.|||p| |||| 00| 00por d
040 _aBR-BrBNA
_bpor
_cBiblioteca Nacional de Agricultura
041 _a(Pt)
072 _aF03; N20
100 1 _aBittencourt, S.R.M.
100 1 _aVieira, R.D.
100 1 _aBarreto, M.
100 1 _aVolpe, C.A.
245 1 _aComparacao de dois tipos de germinadores como camara de envelhecimento acelerado
650 _aSemente
650 _aAmendoim
650 _aArroz
650 _aSoja
650 _aGerminacao
650 _aEnvelhecimento
650 _aPrecocidade Vegetal
650 _aEquipamento
773 0 _tRevista Brasileira de Sementes (Brazil)
_xISSN 0101-3122
_g(1995), v. 17(1) p. 69-74
_wBR9602243
909 _a202311
_bLúcia
_c55
_dLúcia Elande
942 _2AGRIS
_n0
_cANA
999 _c152474
_d152474